| 000 | nam a22 7a 4500 | ||
|---|---|---|---|
| 999 |
_c329586 _d329586 |
||
| 003 | NUST | ||
| 005 | 20170613121143.0 | ||
| 008 | 170515b xxu||||| |||| 00| 0 eng d | ||
| 040 | _cNUST | ||
| 041 | _hUrdu | ||
| 082 |
_a891.4393 _bAHM |
||
| 100 |
_aAhmad, Umairah _9742 |
||
| 245 |
_aMery 50 pasandeedah seen _cby Umairah Ahmad |
||
| 260 |
_aLahore: _bIlm o Irfan publishers, _c2006 |
||
| 300 | _a198 p. | ||
| 500 | _aNovel | ||
| 650 |
_aUrdu-Literature _9347 |
||
| 880 |
_6100-01\(3\r _aعمیرہ احمد |
||
| 880 |
_6245-02\(3\r _aمیرے 50 پسندیدہ سین _cعمیرہ احمد |
||
| 880 |
_6260-03\(3\r _aلاہور: _bعلم و عرفان پبلشرز، _c2006 |
||
| 942 |
_2ddc _cBK |
||